• 首页
  • 本馆介绍
  • 公告通知
  • 最新文献
  • 馆藏检索
  • 电子资源
  • 读者导购
  • 参考咨询
  • 我的图书馆
  • 登录
  • 详细信息显示
  • 放入我的书架
  • 预约/预借图书
  • 作者相关作品
  • 分类相关作品
  • 丛书相关作品
  • 出版社相关作品

书目信息

  • 表格格式
  • 工作单格式
  • 卡片格式
题名:
铁托传
    
 
作者: 菲利斯·奥蒂
分册:  
出版信息: 哈尔滨   黑龙江人民出版社  1979
页数: 440
开本: 20cm
丛书名:
单 册:
中图分类: K543
科图分类:
主题词: 南欧--历史
电子资源:
ISBN:
000 00484nam0 2200181 450
001 0757995392
005 20071007160635.39
010    @d1.50
100    @a20071007d km y0chiy0120 ea
101 0  @achi
200 1  @a铁托传@Atie tuo chuan@f菲利斯·奥蒂@Ffei li si·ao di
210    @a哈尔滨@c黑龙江人民出版社@d1979
215    @a440@d20cm
606 0  @a南欧@x历史
690    @aK543@v3
701  0 @a菲利斯·奥蒂@Afei li si·ao di
801  0 @aCN@bPFT@c20071007
905    @a213230@dK543@ea1@f1
    
    铁托传/菲利斯·奥蒂.-哈尔滨:黑龙江人民出版社,1979
    440;20cm
    
    
    ISBN :1.50
    
●
相关链接 在E读中查询图书 在五车中查询图书 在当当中查询图书 在豆瓣中查询图书


正题名:铁托传     索取号:K543/a1         预约/预借

序号 登录号 条形码 馆藏地/架位号 状态 备注
1 7508913   275089137   史法系资料室/ [索取号:K543/a1] 在馆    
唐山师范学院图书馆 欢迎您!
大连网信软件有限公司© 版权所有